000 00909nas a2200289 4500
001 BR2017001706
003 BR-BrBNA
005 20231205131004.0
007 ta
008 230509b bl.|||p| |||| 00| 00por d
040 _aBR-BrBNA
_bpor
_cBiblioteca Nacional de Agricultura
041 _a(Pt)
072 _aQ02; Q03
100 1 _aAlmeida, V.S. de
100 1 _aCalil, F.C.
100 1 _aCasemiro, C.F.
100 1 _aGeromel, M.R.
100 1 _aFazio, M.L.S.
245 1 _aAção de diferentes extratos de algumas variedades do gênero Capsicum sobre o desenvolvimento bacteriano
650 _aPIMENTA
650 _aEXTRATO VEGETAL
650 _aTECNOLOGIA DE ALIMENTO
650 _aSEGURANÇA ALIMENTAR
773 0 _tHigiene Alimentar (Brazil)
_xISSN 0101-9171
_g(May-Jun 2017), v. 31(268-269) p. 145-149
_wBR2017001706
909 _a202311
_bLúcia
_c55
_dLúcia Elande
942 _2AGRIS
_n0
_cANA
999 _c252457
_d252457